Normal view MARC view

Entry Topical Term

Number of records used in: 1

001 - CONTROL NUMBER

  • control field: 5524

003 - CONTROL NUMBER IDENTIFIER

  • control field: OSt

005 - DATE AND TIME OF LATEST TRANSACTION

  • control field: 20110614124355.0

008 - FIXED-LENGTH DATA ELEMENTS

  • fixed length control field: 110614|||a|||||| | ||| d

040 ## - CATALOGING SOURCE

  • Original cataloging agency: OSt
  • Transcribing agency: OSt

150 ## - HEADING--TOPICAL TERM

  • Topical term or geographic name as entry element: Children
  • Form subdivision: Handbooks, manuals, etc.
  • General subdivision: Legal status, laws, etc.
  • Geographic subdivision: Wales

670 ## - SOURCE DATA FOUND

  • Source citation: Work cat.: (OSt): Clarke Hall and Morrison on children Vol.3 /, c 1985-1997